[Event "16. Obert Int. Sant Martí 2014 Grupo B"]
[Site "Barcelona ESP"]
[Date "2014.07.18"]
[Round "6.73"]
[White "Garcia Hernandez, Jose Luis"]
[Black "Bes Alvarez, Alex"]
[Result "1-0"]
[WhiteElo "1700"]
[BlackElo "1734"]
[PlyCount "89"]
[EventDate "2014.07.13"]
[EventType "swiss"]
[EventRounds "9"]
[EventCountry "ESP"]
[Source "lmi"]
[SourceDate "2014.07.13"]

1. e4 c5 2. d4 cxd4 3. c3 Nf6 4. e5 Nd5 5. cxd4 g6 6. Bc4 e6 7. Bd2 Bg7 8. Qc1
O-O 9. Bh6 Nc6 10. Bxg7 Kxg7 11. Nf3 d6 12. Nc3 Nxc3 13. bxc3 dxe5 14. dxe5 Na5
15. Be2 Bd7 16. O-O Bc6 17. Nd4 Bd5 18. Qc2 Qg5 19. Bf3 Qxe5 20. Bxd5 Qxd5 21.
Rad1 Qc4 22. Rfe1 Nc6 23. Re4 Rad8 24. Nf5+ exf5 25. Rxc4 Rxd1+ 26. Qxd1 Na5
27. Rc7 a6 28. Qd4+ Kg8 29. Qc5 Nc6 30. Rxb7 Rd8 31. g3 Nb8 32. Qc7 Rf8 33.
Rxb8 Rxb8 34. Qxb8+ Kg7 35. c4 a5 36. Qe5+ Kf8 37. Qxa5 f4 38. Qd8+ Kg7 39.
Qd4+ Kg8 40. Qxf4 h5 41. c5 Kg7 42. c6 f6 43. c7 g5 44. Qf5 h4 45. c8=Q 1-0

[Event "16. Obert Int. Sant Martí 2014 Grupo B"]
[Site "Barcelona ESP"]
[Date "2014.07.18"]
[Round "6.74"]
[White "Cervera Lopez, Miguel"]
[Black "Martimpé Burgués, Xavier"]
[Result "1-0"]
[WhiteElo "1700"]
[BlackElo "1700"]
[PlyCount "65"]
[EventDate "2014.07.13"]
[EventType "swiss"]
[EventRounds "9"]
[EventCountry "ESP"]
[Source "lmi"]
[SourceDate "2014.07.13"]

1. d4 d5 2. e3 Nc6 3. Bb5 Bd7 4. Nf3 a6 5. Ba4 b5 6. Bb3 e6 7. O-O Nf6 8. c3
Bd6 9. h3 O-O 10. Bc2 e5 11. dxe5 Bxe5 12. Nxe5 Nxe5 13. f4 Nc4 14. b3 Nb6 15.
Bb2 Bc6 16. Qd4 Re8 17. Nd2 Qe7 18. Rae1 Ne4 19. c4 Qf6 20. Qxf6 gxf6 21. Nxe4
dxe4 22. c5 Nd7 23. Bd4 f5 24. g4 fxg4 25. hxg4 Re6 26. b4 Rae8 27. Kf2 Rh6 28.
Kg3 Rg6 29. f5 Rg5 30. Kf4 h6 31. Rh1 Kh7 32. Rxh6+ Kg8 33. Rh8# 1-0

[Event "16. Obert Int. Sant Martí 2014 Grupo B"]
[Site "Barcelona ESP"]
[Date "2014.07.18"]
[Round "6.75"]
[White "Doménech López, Laura"]
[Black "Marquez Ramos, Ingrid"]
[Result "1-0"]
[WhiteElo "1721"]
[BlackElo "1700"]
[PlyCount "29"]
[EventDate "2014.07.13"]
[EventType "swiss"]
[EventRounds "9"]
[EventCountry "ESP"]
[Source "lmi"]
[SourceDate "2014.07.13"]

1. d4 d5 2. e3 Nc6 3. c4 e6 4. Nf3 Nf6 5. a3 Bd6 6. Nc3 O-O 7. Bd3 b6 8. O-O
Ng4 9. h3 Nh2 10. Nxh2 Ne7 11. e4 c6 12. a4 Bb8 13. e5 c5 14. Qh5 cxd4 15.
Qxh7# 1-0

[Event "16. Obert Int. Sant Martí 2014 Grupo B"]
[Site "Barcelona ESP"]
[Date "2014.07.18"]
[Round "6.76"]
[White "Ramos Fernández, Pilar"]
[Black "Avila Lopez, Joan"]
[Result "0-1"]
[WhiteElo "1700"]
[BlackElo "1704"]
[PlyCount "143"]
[EventDate "2014.07.13"]
[EventType "swiss"]
[EventRounds "9"]
[EventCountry "ESP"]
[Source "lmi"]
[SourceDate "2014.07.13"]

1. e4 e5 2. Nf3 Nc6 3. Bb5 a6 4. Ba4 Nf6 5. Nc3 Bc5 6. O-O d5 7. Re1 Bg4 8. d4
Bxd4 9. exd5 Nxd5 10. Bg5 f6 11. Bh4 Bxc3 12. bxc3 Nxc3 13. Qxd8+ Rxd8 14.
Bxc6+ bxc6 15. Re3 Bxf3 16. Rxc3 Bd5 17. f3 O-O 18. Rc5 Rd6 19. c4 Bf7 20. Rb1
g5 21. Be1 Rfd8 22. Kf2 Rd1 23. Rb7 R8d7 24. Rb8+ Kg7 25. Rxc6 Rc1 26. Rxa6
Bxc4 27. Rc6 Rc2+ 28. Kg3 Bd3 29. Rxc2 Bxc2 30. Rb2 Bg6 31. a4 f5 32. Bc3 f4+
33. Kf2 Rd5 34. Rb7 Rc5 35. Bb4 Rc2+ 36. Ke1 Rc4 37. Ba5 Kh6 38. Bxc7 e4 39. a5
e3 40. Rb6 Rc1+ 41. Ke2 Rxc7 42. g4 Ra7 43. a6 Kg7 44. Kd1 Kf8 45. Rf6+ Ke8 46.
Re6+ Kd8 47. Rd6+ Kc8 48. Rc6+ Kd7 49. Rb6 Kc7 50. Rf6 Bd3 51. Ke1 Bxa6 52.
Rf7+ Kb8 53. Rf8+ Bc8 54. Rg8 Ra1+ 55. Ke2 Ra2+ 56. Kd3 Rxh2 57. Rxg5 Ba6+ 58.
Kd4 e2 59. Re5 Rh1 60. Re8+ Kc7 61. Re7+ Kd8 62. Rxe2 Bxe2 63. Ke4 Rf1 64. Kxf4
Rxf3+ 65. Kg5 Ra3 66. Kh5 Ra6 67. Kh4 Ra4 68. Kh5 Bxg4+ 69. Kh6 Ra7 70. Kg5 Bd1
71. Kh6 Ke8 72. Kg5 0-1

[Event "16. Obert Int. Sant Martí 2014 Grupo B"]
[Site "Barcelona ESP"]
[Date "2014.07.19"]
[Round "7.1"]
[White "Hinarejos Montano, Andres"]
[Black "Gomez Albamonte, Sonia"]
[Result "1-0"]
[WhiteElo "1837"]
[BlackElo "1700"]
[PlyCount "75"]
[EventDate "2014.07.13"]
[EventType "swiss"]
[EventRounds "9"]
[EventCountry "ESP"]
[Source "lmi"]
[SourceDate "2014.07.13"]

1. f4 d5 2. Nf3 Bf5 3. e3 e6 4. Be2 Bd6 5. O-O Nf6 6. c3 O-O 7. d3 c5 8. Nh4
Re8 9. Nxf5 exf5 10. Bf3 Qc7 11. Na3 a6 12. Nc2 Nc6 13. Bd2 Rad8 14. Be1 d4 15.
Bd2 dxe3 16. Bxe3 Bxf4 17. Bxf4 Qxf4 18. Bxc6 Qh4 19. Bf3 Re7 20. Qd2 Red7 21.
Be2 Nd5 22. c4 Ne7 23. Qf4 Qf6 24. Rab1 g6 25. g4 Qc6 26. b3 Qe6 27. Qf3 Qf6
28. Ne3 Qd4 29. Qf4 Qg7 30. gxf5 f6 31. fxg6 Nxg6 32. Qg3 Qe7 33. Kh1 Re8 34.
Rf3 Kf7 35. Rbf1 Kg8 36. R1f2 Qe6 37. Nd5 Rf7 38. Rxf6 1-0

[Event "16. Obert Int. Sant Martí 2014 Grupo B"]
[Site "Barcelona ESP"]
[Date "2014.07.19"]
[Round "7.2"]
[White "Cardenas, Fernando Adrian"]
[Black "Garcia Espelta, Josep"]
[Result "1-0"]
[WhiteElo "2060"]
[BlackElo "2072"]
[PlyCount "125"]
[EventDate "2014.07.13"]
[EventType "swiss"]
[EventRounds "9"]
[EventCountry "ESP"]
[Source "lmi"]
[SourceDate "2014.07.13"]

1. Nf3 c5 2. c4 Nc6 3. Nc3 g6 4. g3 Bg7 5. Bg2 e6 6. O-O d5 7. cxd5 exd5 8. e4
d4 9. Na4 b6 10. a3 Bb7 11. d3 Nge7 12. Bd2 O-O 13. b4 cxb4 14. axb4 a6 15. Qb3
Nb8 16. Rfc1 Nd7 17. Bf4 b5 18. Nc5 Nxc5 19. Rxc5 Nc6 20. Rac1 Rc8 21. Bh3 Ra8
22. Rxc6 Bxc6 23. Rxc6 a5 24. bxa5 Qxa5 25. Rc7 Qa4 26. Qd5 Qd1+ 27. Kg2 Ra1
28. Rc1 Rxc1 29. Bxc1 Qxc1 30. Qxb5 Qc7 31. e5 Qe7 32. Bd7 Rd8 33. Bc6 Bf8 34.
Bd5 Qc5 35. Qxc5 Bxc5 36. Bc4 Re8 37. g4 Kg7 38. g5 Ba7 39. Kg3 Bb8 40. Kf4 Rd8
41. Ke4 Bc7 42. Nd2 Kf8 43. f4 Ke7 44. Nb3 Bb6 45. h4 h6 46. Bd5 hxg5 47. hxg5
Rh8 48. Nxd4 Bxd4 49. Kxd4 Rh4 50. Ke4 Rh1 51. Ke3 Rh3+ 52. Bf3 Rh8 53. d4 Rd8
54. Be2 Rh8 55. d5 Ra8 56. d6+ Kd8 57. Bc4 Ra7 58. Kd4 Ra4 59. Kc5 Ra5+ 60. Kb6
Ra4 61. Bxf7 Rxf4 62. e6 Re4 63. Kc6 1-0

[Event "16. Obert Int. Sant Martí 2014 Grupo B"]
[Site "Barcelona ESP"]
[Date "2014.07.19"]
[Round "7.3"]
[White "Minguell Soler, Joan"]
[Black "Fabregas Fontanet, Antoni"]
[Result "1-0"]
[WhiteElo "2046"]
[BlackElo "2051"]
[PlyCount "91"]
[EventDate "2014.07.13"]
[EventType "swiss"]
[EventRounds "9"]
[EventCountry "ESP"]
[Source "lmi"]
[SourceDate "2014.07.13"]

1. d4 Nf6 2. c4 g6 3. Nc3 d5 4. cxd5 Nxd5 5. e4 Nxc3 6. bxc3 Bg7 7. Be3 O-O 8.
Bc4 c5 9. Ne2 Nc6 10. O-O Qc7 11. Rc1 a6 12. Qd2 b5 13. Bd3 Bb7 14. a4 Qa5 15.
d5 Ne5 16. Bxc5 Qc7 17. Bd4 bxa4 18. Ra1 Qd7 19. Rfb1 Rfc8 20. Rb4 a3 21. Rxa3
Nxd3 22. Qxd3 e5 23. dxe6 fxe6 24. Rab3 Bc6 25. e5 Bxe5 26. Qe3 Qd5 27. f3 Bd6
28. c4 Qf5 29. c5 Bc7 30. Ng3 Qd5 31. Ne4 Bd8 32. Nd6 Bg5 33. Qc3 Rf8 34. Rb1
e5 35. Bf2 Bd2 36. Qc2 Bxb4 37. Rxb4 a5 38. Rg4 Ra7 39. h4 Rg7 40. Qc3 a4 41.
Bg3 Qd1+ 42. Kh2 Rxf3 43. Qxe5 Rf8 44. Qe6+ Kh8 45. Be5 Qf1 46. Qe7 1-0

[Event "16. Obert Int. Sant Martí 2014 Grupo B"]
[Site "Barcelona ESP"]
[Date "2014.07.19"]
[Round "7.4"]
[White "Flores Mendoza, Jose Antonio"]
[Black "Fuertes Buisac, Bernat"]
[Result "1-0"]
[WhiteElo "1905"]
[BlackElo "2082"]
[PlyCount "75"]
[EventDate "2014.07.13"]
[EventType "swiss"]
[EventRounds "9"]
[EventCountry "ESP"]
[Source "lmi"]
[SourceDate "2014.07.13"]

1. d4 c5 2. c3 Nf6 3. Nf3 g6 4. g3 Bg7 5. Bg2 O-O 6. O-O d6 7. Re1 Nc6 8. e4
Bg4 9. h3 Bxf3 10. Bxf3 cxd4 11. cxd4 d5 12. e5 Ne8 13. Nc3 e6 14. Be3 Qb6 15.
b3 f6 16. Bg4 Nc7 17. Na4 Qb4 18. Nc5 Rfe8 19. a3 Qa5 20. b4 Qb6 21. Nd7 Qa6
22. Be2 b5 23. exf6 Bf8 24. Ne5 Nxe5 25. dxe5 Rec8 26. Qd3 Qb7 27. Rec1 a6 28.
Bg4 Kf7 29. Bc5 Bh6 30. f4 Ne8 31. h4 Rc6 32. h5 Nxf6 33. exf6 Kxf6 34. Bd4+
Kf7 35. Rxc6 Qxc6 36. Re1 Re8 37. Qe3 Bf8 38. Qe5 1-0

[Event "16. Obert Int. Sant Martí 2014 Grupo B"]
[Site "Barcelona ESP"]
[Date "2014.07.19"]
[Round "7.5"]
[White "Aprea, Daniele"]
[Black "Albert Cristobal, Jorge"]
[Result "1/2-1/2"]
[WhiteElo "2077"]
[BlackElo "1993"]
[PlyCount "132"]
[EventDate "2014.07.13"]
[EventType "swiss"]
[EventRounds "9"]
[EventCountry "ESP"]
[Source "lmi"]
[SourceDate "2014.07.13"]

1. d4 Nf6 2. Nf3 e6 3. Bf4 c5 4. e3 Nc6 5. h3 Be7 6. Bd3 d5 7. c3 c4 8. Bc2 Bd6
9. O-O Bxf4 10. exf4 Bd7 11. Ne5 Qe7 12. Nd2 g6 13. Re1 Nxe5 14. fxe5 Nh5 15.
Nf3 O-O 16. g4 Ng7 17. g5 Nf5 18. Qd2 Kg7 19. Qf4 Rh8 20. Bxf5 exf5 21. Re3 Be6
22. Kg2 Rae8 23. Rh1 Qd8 24. Rhe1 h5 25. gxh6+ Rxh6 26. Ng5 Rh5 27. h4 Reh8 28.
Rh3 Qb6 29. Re2 Qa6 30. a3 Qb6 31. Kg3 Qb3 32. Qc1 a5 33. f4 Qb6 34. Reh2 Qa7
35. Nf3 b5 36. Nd2 Qb7 37. Kf3 g5 38. Rg2 g4+ 39. Kf2 Kf8 40. Rhh2 Qe7 41. Qh1
b4 42. axb4 axb4 43. Kg3 b3 44. Nf1 Kg7 45. Rd2 f6 46. exf6+ Kxf6 47. Rde2 Qd6
48. Ne3 Qd8 49. Qe1 Re8 50. Ng2 Bf7 51. Rxe8 Qxe8 52. Qxe8 Bxe8 53. Rh1 Rh7 54.
Re1 Re7 55. Rxe7 Kxe7 56. Ne3 Ke6 57. Kf2 Bh5 58. Nf1 Kf6 59. Ng3 Bf7 60. Kg2
Be6 61. Nf1 Kg6 62. Kg3 Kh6 63. Ne3 Kh5 64. Ng2 Kh6 65. Kf2 Kh5 66. Kg3 Kh6
1/2-1/2

[Event "16. Obert Int. Sant Martí 2014 Grupo B"]
[Site "Barcelona ESP"]
[Date "2014.07.19"]
[Round "7.6"]
[White "Perez Garcia, Adria"]
[Black "Cervello Tost, Roger"]
[Result "1-0"]
[WhiteElo "1979"]
[BlackElo "2084"]
[PlyCount "57"]
[EventDate "2014.07.13"]
[EventType "swiss"]
[EventRounds "9"]
[EventCountry "ESP"]
[Source "lmi"]
[SourceDate "2014.07.13"]

1. e4 e5 2. Nf3 Nc6 3. Bb5 a6 4. Ba4 Nf6 5. O-O b5 6. Bb3 Be7 7. Re1 O-O 8. c3
d5 9. exd5 Nxd5 10. Nxe5 Nxe5 11. Rxe5 Nf6 12. d4 Bd6 13. Re1 Ng4 14. h3 Qh4
15. Qf3 Nxf2 16. Re2 Ng4 17. Qxa8 Qg3 18. hxg4 Bxg4 19. Bxf7+ Kxf7 20. Qd5+ Kg6
21. Qg5+ Kf7 22. Rf2+ Kg8 23. Qd5+ Kh8 24. Rxf8+ Bxf8 25. Qe5 Qd3 26. Qf4 Bf5
27. Qf3 Qc2 28. Na3 Bxa3 29. Qa8+ 1-0

[Event "16. Obert Int. Sant Martí 2014 Grupo B"]
[Site "Barcelona ESP"]
[Date "2014.07.19"]
[Round "7.7"]
[White "Molina Hernandez, Albert"]
[Black "Navarro Gutierrez, Andres Camilo"]
[Result "0-1"]
[WhiteElo "2004"]
[BlackElo "2078"]
[PlyCount "58"]
[EventDate "2014.07.13"]
[EventType "swiss"]
[EventRounds "9"]
[EventCountry "ESP"]
[Source "lmi"]
[SourceDate "2014.07.13"]

1. e4 c5 2. Nf3 Nc6 3. d4 cxd4 4. Nxd4 g6 5. Be3 Bg7 6. Nc3 Nf6 7. f3 O-O 8.
Bc4 Qb6 9. Bb3 Nxe4 10. Nxe4 Bxd4 11. Bxd4 Nxd4 12. Qd3 Nxb3 13. axb3 Rd8 14.
Nd2 d5 15. g4 Bd7 16. Qe2 Bb5 17. Qf2 Qc6 18. c3 a5 19. Qe3 Rd6 20. Qh6 Re6+
21. Kd1 Be2+ 22. Kc1 b5 23. h4 b4 24. h5 g5 25. Qxg5+ Kh8 26. c4 dxc4 27. Kb1
cxb3 28. Rxa5 Bd3+ 29. Ka1 f6 0-1

[Event "16. Obert Int. Sant Martí 2014 Grupo B"]
[Site "Barcelona ESP"]
[Date "2014.07.19"]
[Round "7.8"]
[White "Liarte Genoves, Sergi"]
[Black "Sobrevia Castellar, Lluis"]
[Result "1-0"]
[WhiteElo "2051"]
[BlackElo "1975"]
[PlyCount "59"]
[EventDate "2014.07.13"]
[EventType "swiss"]
[EventRounds "9"]
[EventCountry "ESP"]
[Source "lmi"]
[SourceDate "2014.07.13"]

1. e4 e6 2. Nc3 d5 3. d4 Be7 4. Nf3 Nf6 5. e5 Nfd7 6. Bd3 a6 7. Bf4 c5 8. dxc5
Nxc5 9. O-O Nc6 10. a3 Bd7 11. Re1 b5 12. b4 Nxd3 13. Qxd3 Rc8 14. Ne2 Qc7 15.
c3 Nb8 16. Nd2 Bc6 17. Bg3 Nd7 18. f4 Nb6 19. f5 Bd7 20. f6 gxf6 21. exf6 Bd6
22. Bxd6 Qxd6 23. Nb3 Na4 24. Rac1 Rc4 25. Ned4 Kd8 26. Nf3 Qf4 27. Ne5 Qxf6
28. Na5 Rc7 29. Qd4 Rf8 30. Nec6+ 1-0

[Event "16. Obert Int. Sant Martí 2014 Grupo B"]
[Site "Barcelona ESP"]
[Date "2014.07.19"]
[Round "7.9"]
[White "Petit Montes, Marc"]
[Black "Tadevosyan, Galust"]
[Result "0-1"]
[WhiteElo "2040"]
[BlackElo "1843"]
[PlyCount "88"]
[EventDate "2014.07.13"]
[EventType "swiss"]
[EventRounds "9"]
[EventCountry "ESP"]
[Source "lmi"]
[SourceDate "2014.07.13"]

1. d4 c5 2. d5 Nf6 3. c4 d6 4. Nc3 g6 5. e4 Bg7 6. Bd3 O-O 7. Nge2 e6 8. O-O
exd5 9. exd5 Nbd7 10. Bf4 Ne5 11. Bxe5 dxe5 12. f4 Re8 13. fxe5 Ng4 14. Qe1
Bxe5 15. h3 Ne3 16. Rf3 Qg5 17. Qf2 Nf5 18. Bxf5 Bxf5 19. g4 h5 20. Kh1 hxg4
21. hxg4 Kg7 22. Rxf5 Rh8+ 23. Kg1 Qxg4+ 24. Kf1 Rh1+ 25. Ng1 Bd4 26. Rxf7+ Kg8
27. Qf3 Qxf3+ 28. Rxf3 Rxg1+ 29. Ke2 Re8+ 30. Kd3 Rxa1 31. b4 Bxc3 32. Kxc3
Rxa2 33. Kb3 Rae2 34. Rf6 Kg7 35. Rd6 cxb4 36. Kxb4 g5 37. c5 R8e4+ 38. Kb3
R2e3+ 39. Kc2 Rc4+ 40. Kd2 Re5 41. c6 bxc6 42. dxc6 Rec5 43. Rd7+ Kg6 44. Rxa7
Rxc6 0-1

[Event "16. Obert Int. Sant Martí 2014 Grupo B"]
[Site "Barcelona ESP"]
[Date "2014.07.19"]
[Round "7.10"]
[White "Garcia Ruiz, Adrian"]
[Black "Carrey Abellan, Enric"]
[Result "1/2-1/2"]
[WhiteElo "2023"]
[BlackElo "1991"]
[PlyCount "105"]
[EventDate "2014.07.13"]
[EventType "swiss"]
[EventRounds "9"]
[EventCountry "ESP"]
[Source "lmi"]
[SourceDate "2014.07.13"]

1. e4 c5 2. Nf3 e6 3. d4 cxd4 4. Nxd4 a6 5. Nc3 Qc7 6. Bd3 b5 7. Qe2 d6 8. O-O
Nf6 9. Kh1 Be7 10. f4 O-O 11. Qf3 Bb7 12. a3 Nbd7 13. Be3 Nc5 14. Rad1 Rac8 15.
Nb3 Nxb3 16. cxb3 d5 17. Bd4 dxe4 18. Nxe4 Rfd8 19. Bxf6 gxf6 20. Qh3 Bxe4 21.
Bxe4 f5 22. Bd3 Bf6 23. Qh5 Rd4 24. Rf3 Qd6 25. Rh3 Kf8 26. Re3 Qxf4 27. Qf3
Qd6 28. Be2 Rxd1+ 29. Bxd1 Rd8 30. Be2 Qc5 31. g4 Bd4 32. Rd3 fxg4 33. Qxg4
Qc1+ 34. Kg2 Qxb2 35. a4 bxa4 36. bxa4 Qa1 37. a5 Qg1+ 38. Kh3 Qxg4+ 39. Kxg4
Bf6 40. Rxd8+ Bxd8 41. Bxa6 Bxa5 42. Bd3 Kg7 43. h3 h6 44. Kf4 Kf6 45. Ke4 Kg5
46. Bc4 Bc3 47. Kd3 Bb2 48. Ke4 Kh4 49. Bf1 f6 50. Kf4 Bc1+ 51. Ke4 Kg5 52. Bc4
e5 53. Be6 1/2-1/2

[Event "16. Obert Int. Sant Martí 2014 Grupo B"]
[Site "Barcelona ESP"]
[Date "2014.07.19"]
[Round "7.11"]
[White "Volart Buil, Jordi"]
[Black "Lozano Diaz, Antoni"]
[Result "1-0"]
[WhiteElo "1943"]
[BlackElo "2015"]
[PlyCount "86"]
[EventDate "2014.07.13"]
[EventType "swiss"]
[EventRounds "9"]
[EventCountry "ESP"]
[Source "lmi"]
[SourceDate "2014.07.13"]

1. d4 Nf6 2. c4 e6 3. a3 d5 4. Nc3 c6 5. Nf3 Be7 6. Qc2 O-O 7. e4 dxe4 8. Nxe4
Nxe4 9. Qxe4 Nd7 10. Be2 Nf6 11. Qc2 c5 12. Be3 Ng4 13. Rd1 Nxe3 14. fxe3 Qa5+
15. Rd2 cxd4 16. exd4 e5 17. O-O Bg4 18. Nxe5 Bxe2 19. Rxe2 Rad8 20. Nf3 Bf6
21. Rd1 Rfe8 22. Rxe8+ Rxe8 23. Qd3 Rd8 24. Kf1 Qh5 25. h3 g5 26. Qf5 Rxd4 27.
Rxd4 Bxd4 28. b3 Bb2 29. a4 Bc1 30. h4 h6 31. g4 Qg6 32. Qxg6+ fxg6 33. hxg5 h5
34. gxh5 gxh5 35. Kg2 Kg7 36. Kg3 Kg6 37. Kh4 Bf4 38. b4 b6 39. c5 bxc5 40.
bxc5 a6 41. c6 a5 42. Kh3 Kf7 43. Nd4 Bxg5 1-0

[Event "16. Obert Int. Sant Martí 2014 Grupo B"]
[Site "Barcelona ESP"]
[Date "2014.07.19"]
[Round "7.12"]
[White "Minhaz, Rashed"]
[Black "Poyato Ruiz, Fernando"]
[Result "1-0"]
[WhiteElo "2086"]
[BlackElo "1968"]
[PlyCount "81"]
[EventDate "2014.07.13"]
[EventType "swiss"]
[EventRounds "9"]
[EventCountry "ESP"]
[Source "lmi"]
[SourceDate "2014.07.13"]

1. e4 e6 2. d4 d5 3. e5 c5 4. c3 Nc6 5. Bb5 Qb6 6. Bxc6+ bxc6 7. Nf3 Ba6 8. Qc2
cxd4 9. Nxd4 Ne7 10. Be3 c5 11. Qa4+ Kd8 12. Nb3 Nf5 13. Bxc5 Bxc5 14. Nxc5 Bb5
15. Qa5 Rb8 16. Qxb6+ Rxb6 17. Nd2 Ke7 18. a4 Bc4 19. b3 Rc8 20. Nxc4 dxc4 21.
b4 Rd8 22. O-O f6 23. Rfd1 Rbb8 24. exf6+ gxf6 25. Kf1 e5 26. Ne4 Ng7 27. Rxd8
Rxd8 28. Ke2 Ne6 29. g3 f5 30. Nd2 Rc8 31. Rd1 e4 32. f4 h5 33. Nf1 h4 34. Ne3
Kf6 35. Rd5 Ng7 36. Rd4 hxg3 37. hxg3 Rh8 38. Rxc4 Rh2+ 39. Kf1 Nh5 40. Rc6+
Ke7 41. Nxf5+ 1-0

[Event "16. Obert Int. Sant Martí 2014 Grupo B"]
[Site "Barcelona ESP"]
[Date "2014.07.19"]
[Round "7.13"]
[White "Fernandez Martin, Javier"]
[Black "Ferres Saez, Joan"]
[Result "0-1"]
[WhiteElo "2058"]
[BlackElo "1965"]
[PlyCount "44"]
[EventDate "2014.07.13"]
[EventType "swiss"]
[EventRounds "9"]
[EventCountry "ESP"]
[Source "lmi"]
[SourceDate "2014.07.13"]

1. e4 g6 2. d4 Bg7 3. Nc3 c6 4. Be3 d5 5. e5 f6 6. exf6 Nxf6 7. h3 O-O 8. Bd3
c5 9. f4 cxd4 10. Bxd4 Nc6 11. Bf2 Nh5 12. g3 e5 13. Be2 Nf6 14. fxe5 Nxe5 15.
Qd2 Be6 16. O-O-O Rc8 17. Nf3 Rxc3 18. Nxe5 Ne4 19. Qd4 Rxc2+ 20. Kxc2 Nxf2 21.
Kb1 Nxh1 22. Rxh1 Qf6 0-1

[Event "16. Obert Int. Sant Martí 2014 Grupo B"]
[Site "Barcelona ESP"]
[Date "2014.07.19"]
[Round "7.14"]
[White "Garcia Punzano, Josep Lluis"]
[Black "Dougas Chavarria, Nestor"]
[Result "0-1"]
[WhiteElo "1950"]
[BlackElo "2050"]
[PlyCount "58"]
[EventDate "2014.07.13"]
[EventType "swiss"]
[EventRounds "9"]
[EventCountry "ESP"]
[Source "lmi"]
[SourceDate "2014.07.13"]

1. d4 Nf6 2. Nf3 d5 3. Bf4 c5 4. c3 Nc6 5. e3 Qb6 6. Qb3 c4 7. Qxb6 axb6 8.
Nbd2 b5 9. Be2 Bf5 10. O-O b4 11. Nh4 Bg6 12. Nxg6 hxg6 13. e4 e6 14. Rfe1 Be7
15. Bg5 O-O 16. e5 Nd7 17. Bxe7 Nxe7 18. cxb4 Nc6 19. Nf3 Nxb4 20. Rec1 Nxa2
21. Rcb1 b5 22. Ne1 b4 23. Nc2 b3 24. Na3 Nb4 25. Nb5 Rfb8 26. Nc7 Ra2 27. h4
Rb7 28. Ne8 Rba7 29. Rxa2 bxa2 0-1

[Event "16. Obert Int. Sant Martí 2014 Grupo B"]
[Site "Barcelona ESP"]
[Date "2014.07.19"]
[Round "7.15"]
[White "Perez Garcia, Jose Miguel"]
[Black "Cano Sevila, Ivan"]
[Result "1-0"]
[WhiteElo "1945"]
[BlackElo "2039"]
[PlyCount "71"]
[EventDate "2014.07.13"]
[EventType "swiss"]
[EventRounds "9"]
[EventCountry "ESP"]
[Source "lmi"]
[SourceDate "2014.07.13"]

1. c4 g5 2. Nc3 Bg7 3. d4 c5 4. dxc5 Bxc3+ 5. bxc3 Qa5 6. Bxg5 Qxc5 7. Qd4 Qxd4
8. cxd4 Nc6 9. e3 Nb4 10. Kd2 d6 11. a3 Nc6 12. Bd3 f6 13. Bh4 Nh6 14. Ne2 Na5
15. Rab1 Bd7 16. Rhc1 Ba4 17. Ke1 Bc6 18. f3 Kf7 19. Kf1 f5 20. Be1 b6 21. Bxa5
bxa5 22. d5 Ba4 23. Rb7 Rhb8 24. Rcb1 Rxb7 25. Rxb7 Kf6 26. Nc3 Be8 27. Nb5 a6
28. Nc7 Rd8 29. Nxa6 Nf7 30. Rb8 Rxb8 31. Nxb8 Ne5 32. Ke2 Ba4 33. f4 Nf7 34.
Nc6 Bxc6 35. dxc6 Ke6 36. Bxf5+ 1-0

[Event "16. Obert Int. Sant Martí 2014 Grupo B"]
[Site "Barcelona ESP"]
[Date "2014.07.19"]
[Round "7.16"]
[White "Roche Peris, Eduard"]
[Black "Ramos Alvarez, Maximo"]
[Result "1/2-1/2"]
[WhiteElo "1925"]
[BlackElo "2001"]
[PlyCount "42"]
[EventDate "2014.07.13"]
[EventType "swiss"]
[EventRounds "9"]
[EventCountry "ESP"]
[Source "lmi"]
[SourceDate "2014.07.13"]

1. e4 c5 2. Nf3 Nc6 3. d4 cxd4 4. c3 d5 5. exd5 Qxd5 6. cxd4 Bg4 7. Be2 e6 8.
O-O Bd6 9. Nc3 Qh5 10. h3 Bf5 11. d5 exd5 12. Nd4 Qg6 13. Nxf5 Qxf5 14. Bg4 Qg6
15. Re1+ Nge7 16. Nxd5 h5 17. Nf4 Bxf4 18. Bd7+ Kf8 19. Bxf4 Qf6 20. Bxc6 Nxc6
21. Qc1 Qf5 1/2-1/2

[Event "16. Obert Int. Sant Martí 2014 Grupo B"]
[Site "Barcelona ESP"]
[Date "2014.07.19"]
[Round "7.17"]
[White "Torras Chicon, Adria"]
[Black "Calafell Marques, Josep"]
[Result "1-0"]
[WhiteElo "1996"]
[BlackElo "1950"]
[PlyCount "49"]
[EventDate "2014.07.13"]
[EventType "swiss"]
[EventRounds "9"]
[EventCountry "ESP"]
[Source "lmi"]
[SourceDate "2014.07.13"]

1. e4 c5 2. Nf3 d6 3. Bb5+ Nd7 4. O-O Ngf6 5. Re1 a6 6. Bf1 Qc7 7. c3 Ne5 8. h3
Rb8 9. d4 Nxf3+ 10. Qxf3 cxd4 11. cxd4 Qa5 12. Nc3 Qh5 13. Qxh5 Nxh5 14. e5
dxe5 15. dxe5 g6 16. Be3 e6 17. g4 Ng7 18. Ne4 Bb4 19. Nf6+ Ke7 20. Rec1 Ne8
21. a3 Ba5 22. Bc5+ Kd8 23. Rd1+ Kc7 24. Nxe8+ Kc6 25. Rac1 1-0

[Event "16. Obert Int. Sant Martí 2014 Grupo B"]
[Site "Barcelona ESP"]
[Date "2014.07.19"]
[Round "7.18"]
[White "Palacios Peña, Gerardo"]
[Black "Baltasar Diaz, Vicente"]
[Result "0-1"]
[WhiteElo "1993"]
[BlackElo "1932"]
[PlyCount "64"]
[EventDate "2014.07.13"]
[EventType "swiss"]
[EventRounds "9"]
[EventCountry "ESP"]
[Source "lmi"]
[SourceDate "2014.07.13"]

1. d4 d5 2. Nf3 Nf6 3. Bf4 e6 4. c3 Be7 5. h3 c5 6. e3 O-O 7. Bd3 b6 8. Nbd2
Ba6 9. Bc2 Nc6 10. Ne5 Qc8 11. g4 cxd4 12. exd4 Nxe5 13. dxe5 Nd7 14. Nf3 Qc4
15. Qd2 Rac8 16. O-O-O Qxa2 17. Bb1 Qa4 18. Nd4 Nc5 19. Bc2 Qa1+ 20. Bb1 Nd3+
21. Qxd3 Bxd3 22. Rxd3 Rc4 23. Nc2 Qa5 24. Be3 Rfc8 25. Rhd1 b5 26. Kd2 b4 27.
Nxb4 Bxb4 28. cxb4 Qxb4+ 29. Ke2 Qxb2+ 30. R3d2 Qxe5 31. Kf1 Rc1 32. Kg2 Rxb1
0-1

[Event "16. Obert Int. Sant Martí 2014 Grupo B"]
[Site "Barcelona ESP"]
[Date "2014.07.19"]
[Round "7.19"]
[White "Torrents Señal, Marc"]
[Black "Salazar Navas, Josep"]
[Result "1-0"]
[WhiteElo "1991"]
[BlackElo "1927"]
[PlyCount "85"]
[EventDate "2014.07.13"]
[EventType "swiss"]
[EventRounds "9"]
[EventCountry "ESP"]
[Source "lmi"]
[SourceDate "2014.07.13"]

1. d4 Nf6 2. c4 c5 3. d5 b5 4. cxb5 a6 5. b6 Qxb6 6. Nc3 g6 7. e4 d6 8. Nf3
Nbd7 9. Nd2 Bg7 10. a4 Ne5 11. a5 Qb4 12. Ra4 Qb7 13. f4 Neg4 14. Nc4 Bd7 15.
Ra1 O-O 16. Nb6 Ra7 17. h3 Nh6 18. g4 Nhxg4 19. hxg4 Bxg4 20. Be2 Bxe2 21. Qxe2
e6 22. Kd1 exd5 23. exd5 Re8 24. Qf3 Qe7 25. Bd2 Nd7 26. Nxd7 Qxd7 27. Qh3 Qxh3
28. Rxh3 Rae7 29. Kc2 Bd4 30. Rhh1 Bf2 31. Rhf1 Bg3 32. Kd3 f5 33. b3 h5 34.
Rg1 h4 35. Rg2 Kg7 36. Ne2 Re4 37. Nxg3 Rd4+ 38. Kc2 hxg3 39. Bc3 Re3 40. Bxd4+
cxd4 41. Rd1 Re4 42. Rxg3 Rxf4 43. Rdg1 1-0

[Event "16. Obert Int. Sant Martí 2014 Grupo B"]
[Site "Barcelona ESP"]
[Date "2014.07.19"]
[Round "7.20"]
[White "Clifford, Neil"]
[Black "Barragan Hernandez, Manel"]
[Result "0-1"]
[WhiteElo "1923"]
[BlackElo "1990"]
[PlyCount "33"]
[EventDate "2014.07.13"]
[EventType "swiss"]
[EventRounds "9"]
[EventCountry "ESP"]
[Source "lmi"]
[SourceDate "2014.07.13"]

1. e4 Nc6 2. Nc3 Nf6 3. d4 e5 4. dxe5 Nxe5 5. f4 Ng6 6. e5 Ng8 7. Bc4 d6 8. Nf3
Nh6 9. O-O Be7 10. Qe2 O-O 11. h3 dxe5 12. fxe5 Bc5+ 13. Kh1 Nf5 14. Ne4 Bb6
15. Neg5 Ng3+ 16. Kh2 Nxe2 17. Bxe2 0-1